|
|
|
|
| LEADER |
00000naa2a2200000 4500 |
| 001 |
686154 |
| 005 |
20260522132215.0 |
| 090 |
|
|
|a 686154
|
| 100 |
|
|
|a 20260417d2025 k||y0rusy50 ca
|
| 101 |
0 |
|
|a rus
|
| 102 |
|
|
|a RU
|
| 135 |
|
|
|a drcn ---uucaa
|
| 200 |
1 |
|
|a Критическая рецепция романа М. Хэддона «The Curious Incident of the Dog in the Night-Time»
|f О. В. Хилобок
|g науч. рук. Е. В. Швагрукова
|
| 320 |
|
|
|a Литература: 8 назв
|
| 330 |
|
|
|a При детальном анализе книги важную роль играют отзывы читателей и профессиональные рецензии. Они помогают не только познакомиться с произведением ближе, но и раскрывают аспекты, которые остаются незамеченными при обычном прочтении. Наличие рецензий формирует общественное мнение о книге, а также позволяет исследовать читательскую рецепцию
|
| 336 |
|
|
|a Текстовый файл
|
| 463 |
|
1 |
|0 685963
|t Язык. Общество. Образование
|o сборник научных трудов VI Международной научно-практической конференции «Лингвистические и культурологические аспекты современного инженерного образования», Томск, 12-14 ноября 2025 г.
|f Национальный исследовательский Томский политехнический университет (ТПУ); гл. ред. Ю. В. Кобенко
|v С. 269-274
|d 2025
|9 685963
|c Томск
|n Изд-во ТПУ
|u conference_tpu-2025-C85_V2.pdf
|
| 545 |
1 |
|
|a Лингводидактические, психолого-педагогические и культурологические аспекты подготовки инженеров будущего
|
| 610 |
1 |
|
|a электронный ресурс
|
| 610 |
1 |
|
|a труды учёных ТПУ
|
| 610 |
1 |
|
|a литературно-критическая рецепция
|
| 610 |
1 |
|
|a отзывы
|
| 610 |
1 |
|
|a Марк Хэддон
|
| 610 |
1 |
|
|a методы анализа
|
| 700 |
|
1 |
|a Хилобок
|b О. В.
|
| 702 |
|
1 |
|a Швагрукова
|b Е. В.
|c лингвист
|c доцент Томского политехнического университета, кандидат филологических наук
|f 1980-
|g Екатерина Васильевна
|4 727
|
| 801 |
|
2 |
|a RU
|b 63413507
|c 20260417
|g RCR
|
| 856 |
4 |
0 |
|u http://earchive.tpu.ru/handle/11683/137480
|z http://earchive.tpu.ru/handle/11683/137480
|
| 942 |
|
|
|c CF
|